LEADER 01103nam a2200265 i 4500 001 000000351654 003 CaOOAMICUS 005 20230329105615.0 008 220926s2022 it u000 u ita u 020 $a978-88-394-0987-4 040 $aSeMil$bita 100 1 $aBarclay, John M. G.,$d<1958- >.$0(OLS)http://semarc/name/13936 240 10$aPaul and the power of grace.$0(OLS)http://semarc/title/441455 245 10$aPaolo e la grazia /$cJohn M.G. Barclay. 264 1$aTorino :$bPaideia,$c2022. 300 $a268 p. ;$c21 cm 490 1 $aStudi biblici ;$v211 650 4$aPaolo - Concezione della grazia.$0(OLS)http://semarc/subject/52880 830 0$aStudi biblici ;$v211.$0(OLS)http://semarc/title/33 850 $aSeMil 852 $aSeMil$W1$xVenegono$y1$m2WA A 211$j234568$B242840$CSeMilBibl$Z2$F242840 $81 996 $6020$a978-88-394-0987-4$9(OLS)http://semarc/number/296754 996 $6245$aPaolo e la grazia$9(OLS)http://semarc/title/441456 996 $6264$aTorino :$bPaideia$9(OLS)http://semarc/publisher/55649 LEADER 01465nam a2200313 i 4500 001 000000066969 003 CaOOAMICUS 005 20210730111802.0 008 140321s1966 it u000 u ita u 013 $a38141 040 $aSeMil$bita 100 1 $aWolleh, Lothar,$d<1930-1979>.$0(OLS)http://semarc/name/33560 245 13$aIl Concilio :$bil Concilio Vaticano 2. /$cLothar Wolleh ; con la collaborazione di padre Emil Schmitz SJ ; introduzione di sua Eminenza il cardinale Eugène Tisserant. 264 1$aRoma :$bEdizioni PEM S. p. A.,$c1966. 300 $a120 p., [17] p. di tav. :$bill. ;$c44 cm. 500 $aIn mezzo al front : Elenco dei Padri conciliari 650 4$aConcilio Vaticano II <1962-1965>.$0(OLS)http://semarc/subject/283 700 1 $aSchmitz, Emil .$0(OLS)http://semarc/name/33561 700 1 $aTisserant, Eugène,$c.$0(OLS)http://semarc/name/17589 850 $aSeMil 852 $aSeMil$W1$xVenegono$y1$B33122$CSeMilBibl$Z2$F33125 $8I 852 $aSeMil$W1$xVenegono$y1$B238234$CSeMilBibl$Z2$F238234 $8I 961 $aOmaggio: Patti mons. Francesco 961 $aTemporaneamente collocato in ufficio 961 $aAndreini don Luca - Omaggio 961 $aTemporaneamente collocato in ufficio 996 $6245$aIl Concilio :$bil Concilio Vaticano 2.$9(OLS)http://semarc/title/106636 996 $6264$aRoma :$bEdizioni PEM S. p. A.$9(OLS)http://semarc/publisher/42702